Development and maintenance of large software systems / (Record no. 176526)

000 -LEADER
fixed length control field 01416 a2200217 4500
003 - CONTROL NUMBER IDENTIFIER
control field Nust
005 - DATE AND TIME OF LATEST TRANSACTION
control field 20230516104045.0
010 ## - LIBRARY OF CONGRESS CONTROL NUMBER
LC control number 84010010
020 ## - INTERNATIONAL STANDARD BOOK NUMBER
International Standard Book Number 0534027857 :
040 ## - CATALOGING SOURCE
Transcribing agency Nust
082 00 - DEWEY DECIMAL CLASSIFICATION NUMBER
Classification number 001.642,PIZ
100 1# - MAIN ENTRY--PERSONAL NAME
Personal name Pizzarello, Antonio,
9 (RLIN) 112235
245 10 - TITLE STATEMENT
Title Development and maintenance of large software systems /
Statement of responsibility, etc. Antonio Pizzarello.
260 ## - PUBLICATION, DISTRIBUTION, ETC.
Place of publication, distribution, etc. Belmont, Calif. :
Name of publisher, distributor, etc. Lifetime Learning Publications,
Date of publication, distribution, etc. c1984.
300 ## - PHYSICAL DESCRIPTION
Extent 263 p. :
Other physical details ill. ;
Dimensions 24 cm.
505 ## - FORMATTED CONTENTS NOTE
Formatted contents note Software Systems and their Problems (Page-1), Experiments to the Development of Large Systems (PAGe-19), Mathematics and Computer Software (Page-31), Fundamentals of Program Specifications (Page-39), The Programming Problem (Page-53), Programming Language Constructs (Page-65), Program Design (Page-77), Program Testing (Page-101), Reading and Understanding Programs (Page-113), The System Development Problem (Page-123), Data Abstraction (Page-135), Hierarchy of Abstract Machine (Page-153), Hierarchy of Abstract Machines (Page-169), An Example of Hierarchical Development (Page-181), Experience with Hierarchical Design (Page-199), Analysis Of Implementation and Maintenance (Page-213), Concurrent Processing (Page-231), Conclusion (Page-255).
650 #0 - SUBJECT ADDED ENTRY--TOPICAL TERM
Topical term or geographic name entry element Computer programming
General subdivision Management.
9 (RLIN) 96286
650 #0 - SUBJECT ADDED ENTRY--TOPICAL TERM
Topical term or geographic name entry element Computer programming.
650 #0 - SUBJECT ADDED ENTRY--TOPICAL TERM
Topical term or geographic name entry element Software maintenance.
9 (RLIN) 112236
942 ## - ADDED ENTRY ELEMENTS (KOHA)
Source of classification or shelving scheme
Koha item type Book Bank
Call number prefix 001.642,PIZ
Holdings
Withdrawn status Lost status Source of classification or shelving scheme Damaged status Not for loan Permanent Location Current Location Shelving location Date acquired Full call number Barcode Date last seen Price effective from Koha item type Public note
          Military College of Signals (MCS) Military College of Signals (MCS) General Stacks 12/12/2016 001.642,PIZ MCS1813 12/08/2016 12/12/2016 Book Almirah No.80, Shelf No.2
          Military College of Signals (MCS) Military College of Signals (MCS) General Stacks 12/12/2016 001.642,PIZ MCS1814 12/08/2016 12/12/2016 Book Almirah No.79, Shelf No.1
© 2023 Central Library, National University of Sciences and Technology. All Rights Reserved.